<?xml version="1.0" encoding="UTF-8"?>
<record
    xmlns:xsi="http://www.w3.org/2001/XMLSchema-instance"
    xsi:schemaLocation="http://www.loc.gov/MARC21/slim http://www.loc.gov/standards/marcxml/schema/MARC21slim.xsd"
    xmlns="http://www.loc.gov/MARC21/slim">

  <leader>05064nam a2200421 a 4500</leader>
  <controlfield tag="001">dia_1306</controlfield>
  <controlfield tag="003">CHAP</controlfield>
  <controlfield tag="005">20250618130422.0</controlfield>
  <controlfield tag="007">ta</controlfield>
  <controlfield tag="008">220117s1971    sp ado fr     001 0 spa d</controlfield>
  <datafield tag="010" ind1=" " ind2=" ">
    <subfield code="a">171854</subfield>
  </datafield>
  <datafield tag="040" ind1=" " ind2=" ">
    <subfield code="c">CHAP</subfield>
    <subfield code="a">mxchpua</subfield>
    <subfield code="e">rda</subfield>
  </datafield>
  <datafield tag="041" ind1=" " ind2=" ">
    <subfield code="a">spa</subfield>
    <subfield code="b">spa</subfield>
    <subfield code="f">spa</subfield>
    <subfield code="h">eng</subfield>
  </datafield>
  <datafield tag="050" ind1="1" ind2=" ">
    <subfield code="a">QP514 </subfield>
    <subfield code="b">.M34 1971</subfield>
  </datafield>
  <datafield tag="082" ind1=" " ind2=" ">
    <subfield code="2">20</subfield>
    <subfield code="a">574.192 </subfield>
    <subfield code="b">M34 1971</subfield>
  </datafield>
  <datafield tag="100" ind1="1" ind2=" ">
    <subfield code="a">Mahler, Henry R.</subfield>
    <subfield code="9">69880</subfield>
  </datafield>
  <datafield tag="240" ind1="1" ind2="0">
    <subfield code="a">Biological chemistry.</subfield>
    <subfield code="l">Espa&#xF1;ol</subfield>
  </datafield>
  <datafield tag="245" ind1="1" ind2="0">
    <subfield code="a">Qu&#xED;mica biol&#xF3;gica /</subfield>
    <subfield code="c">Henry R. Mahler y Eugene H. Cordes ; traductores Bernab&#xE9; Sanz P&#xE9;rez, Justino Burgos Gonz&#xE1;lez y David Ord&#xF3;&#xF1;ez Escudero</subfield>
  </datafield>
  <datafield tag="250" ind1=" " ind2=" ">
    <subfield code="a">1a edici&#xF3;n</subfield>
  </datafield>
  <datafield tag="264" ind1=" " ind2=" ">
    <subfield code="a">Espa&#xF1;a :</subfield>
    <subfield code="b">Omega,</subfield>
    <subfield code="c">1971</subfield>
  </datafield>
  <datafield tag="300" ind1=" " ind2=" ">
    <subfield code="a">xv, 893 p&#xE1;ginas :</subfield>
    <subfield code="b">ilustraciones, gr&#xE1;ficas, diagramas, tablas, fotos</subfield>
  </datafield>
  <datafield tag="336" ind1=" " ind2=" ">
    <subfield code="2">rdacontent</subfield>
    <subfield code="a">texto</subfield>
    <subfield code="b">txt</subfield>
  </datafield>
  <datafield tag="337" ind1=" " ind2=" ">
    <subfield code="2">rdamedia</subfield>
    <subfield code="a">no mediado</subfield>
    <subfield code="b">n</subfield>
  </datafield>
  <datafield tag="338" ind1=" " ind2=" ">
    <subfield code="2">rdacarrier</subfield>
    <subfield code="a">volumen</subfield>
    <subfield code="b">nc</subfield>
  </datafield>
  <datafield tag="504" ind1=" " ind2=" ">
    <subfield code="a">Incluye bibliograf&#xED;as</subfield>
  </datafield>
  <datafield tag="505" ind1="0" ind2=" ">
    <subfield code="a">Pr&#xF3;logo --
1. Historia y fines de la bioqu&#xED;mica --
2. Prote&#xED;nas: clasificaci&#xF3;n, propiedades, purificaci&#xF3;n --
3. Organizaci&#xF3;n estructural de las prote&#xED;nas --
4. &#xC1;cidos nucleicos --
5. Termodin&#xE1;mica y equilibrios en las transformaciones bioqu&#xED;micas --
6. Cin&#xE9;tica enzim&#xE1;tica --
7. Mecanismo de la acci&#xF3;n enzim&#xE1;tica --
8. Coenzimas --
9. Organizaci&#xF3;n intracelular y part&#xED;culas subcelulares --
10. El metabolismo de los hidratos de carbono --
11. Fotos&#xED;ntesis --
12. La oxidaci&#xF3;n de los &#xE1;cidos grasos y degradaci&#xF3;n de los l&#xED;pidos complejos --
13. Ciclo del &#xE1;cido c&#xED;trico --
14. Oxidaciones biol&#xF3;gicas --
15. Bios&#xED;ntesis de l&#xED;pidos --
16. Metabolismo de los amino&#xE1;cidos --
17. Metabolismo de los &#xE1;cidos nucleicos -- 
18. Bios&#xED;ntesis de prote&#xED;nas --
&#xCD;ndice alfab&#xE9;tico</subfield>
  </datafield>
  <datafield tag="520" ind1="2" ind2=" ">
    <subfield code="a">Este libro intenta proporcionar una visi&#xF3;n clara, completa y al d&#xED;a de los campos fundamentales del conocimiento- de la bioqu&#xED;mica. Por ello incluye estudios detallados de la fisicoqu&#xED;mica de las. biomacromol&#xE9;culas; de la termodin&#xE1;mica, de la cin&#xE9;tica y de los mecanismos de las reacciones enzim&#xE1;ticas; de la organizaci&#xF3;n subcelular; del metabolismo intemediario de los principales tipos de sustancias qu&#xED;micas, y de algunos aspectos seleccionados de biolog&#xED;a molecular. Los autores han puesto todo su empe&#xF1;o en que el contenido, organizaci&#xF3;n y profundidad de los conocimientos que en este libro se exponen sean de la mayor utilidad para los estudiantes. Se han omitido algunos aspectos habitualmente tratados en los textos de bioqu&#xED;mica, por ejemplo, se prescinde del estudio espec&#xED;fico de la qu&#xED;mica de los hidratos de carbono, ya que en los cursos b&#xE1;sicos de qu&#xED;mica se dispone de una abundante informaci&#xF3;n sobre este tema y as&#xED;mismo porque se estudia a tondo en muchos libros de texto de qu&#xED;mica org&#xE1;nica y bioqu&#xED;mica. lgualmente se ha prescindido de otros problemas con el fin de que el libro resultase de tama&#xF1;o manejable. Tampoco hemos podido tratar algunos aspectos importantes de qu&#xED;mica fisiol&#xF3;gica, como, por ejemplo, la visi&#xF3;n, la contracci&#xF3;n muscular, la conducci&#xF3;n nerviosa y las acciones hormonales. Sin embargo, confiamos en que el estudiante que haya aprendido los fundamentos expuestos en este volumen se encuentre en condiciones de estudiar otros muchos &#xED;ntimamente relacionados con los primeros, en fuentes o libros distintos. 
Pero consideramos conveniente proporcionar al estudiante un buen conocimiento de las propiedades qu&#xED;micas y f&#xED;sicas de las biomacromol&#xE9;culas, asi como de las caracter&#xED;sticas de las reacciones qu&#xED;micas en que esta implicadas, antes de referirnos espec&#xED;ficamente al metabolismo intermediario; de aqu&#xED; que el libro siga la disposici&#xF3;n antes indicada. Los aspectos de m&#xE1;xima importancia en la f&#xED;sica y qu&#xED;mica org&#xE1;nica preceden a los que est&#xE1;n m&#xE1;s &#xED;ntimamente relacionados con las disciplinas biol&#xF3;gicas. Dispone esta forma la distribuci&#xF3;n del libro permite, adem&#xE1;s, la organizaci&#xF3;n en de un curso de bioqu&#xED;mica de una duraci&#xF3;n de dos a tres semestres. 
Algunos conceptos estudiados al comienzo del texto, en especial las propiedades f&#xED;sicas de las prote&#xED;nas, los mecanismos enzim&#xE1;ticos y el control de la actividad enzim&#xE1;tica, se tratan, con mucha m&#xE1;s extensi&#xF3;n, en los &#xFA;ltimos cap&#xED;tulos. As&#xED;, el estudio de los mecanismos enzim&#xE1;ticos en el capitulo 7 es de tipo general, mientras que la mayor parte de los diversos mecanismos individuales se estudian m&#xE1;s adelante. Por ello, en el cap&#xED;tulo 10 se presenta el posible mecanismo de casi cada uno de los enzimas encontrados al estudiar el metabolismo de los hidratos de carbono.</subfield>
  </datafield>
  <datafield tag="650" ind1="1" ind2="3">
    <subfield code="a">Bioqu&#xED;mica</subfield>
    <subfield code="9">12849</subfield>
    <subfield code="2">atg</subfield>
  </datafield>
  <datafield tag="650" ind1="1" ind2="3">
    <subfield code="a">Biochemistry</subfield>
    <subfield code="9">150448</subfield>
    <subfield code="2">atg</subfield>
  </datafield>
  <datafield tag="700" ind1="1" ind2=" ">
    <subfield code="a">Cordes, Eugene H.</subfield>
    <subfield code="9">150481</subfield>
    <subfield code="e">autor</subfield>
  </datafield>
  <datafield tag="700" ind1="1" ind2=" ">
    <subfield code="a">Sanz P&#xE9;rez, Bernab&#xE9;</subfield>
    <subfield code="9">150473</subfield>
    <subfield code="e">traductor</subfield>
  </datafield>
  <datafield tag="700" ind1="1" ind2=" ">
    <subfield code="a">Burgos Gonz&#xE1;lez, Justino</subfield>
    <subfield code="9">147760</subfield>
    <subfield code="e">traductor</subfield>
  </datafield>
  <datafield tag="700" ind1="1" ind2=" ">
    <subfield code="a">Ordo&#xF1;ez Escudero, David</subfield>
    <subfield code="9">190685</subfield>
    <subfield code="e">traductor</subfield>
  </datafield>
  <datafield tag="901" ind1=" " ind2=" ">
    <subfield code="a">574.192 M34 1971</subfield>
  </datafield>
  <datafield tag="902" ind1=" " ind2=" ">
    <subfield code="a">M</subfield>
  </datafield>
  <datafield tag="905" ind1=" " ind2=" ">
    <subfield code="a">0000001971                          SP     0000000000SPA00</subfield>
  </datafield>
  <datafield tag="942" ind1=" " ind2=" ">
    <subfield code="c">LIBRO</subfield>
    <subfield code="2">ddc</subfield>
  </datafield>
  <datafield tag="999" ind1=" " ind2=" ">
    <subfield code="c">171854</subfield>
    <subfield code="d">171854</subfield>
  </datafield>
  <datafield tag="952" ind1=" " ind2=" ">
    <subfield code="0">0</subfield>
    <subfield code="1">0</subfield>
    <subfield code="2">ddc</subfield>
    <subfield code="4">0</subfield>
    <subfield code="5">1</subfield>
    <subfield code="7">0</subfield>
    <subfield code="8">GRAL</subfield>
    <subfield code="a">IA_</subfield>
    <subfield code="b">IA_</subfield>
    <subfield code="e">Compra</subfield>
    <subfield code="l">1</subfield>
    <subfield code="o">574.192 M34 1971</subfield>
    <subfield code="p">1102001850</subfield>
    <subfield code="r">2024-10-24 19:12:54</subfield>
    <subfield code="s">2024-10-24</subfield>
    <subfield code="t">Ej. 1</subfield>
    <subfield code="y">LIBRO</subfield>
  </datafield>
</record>
